Economía polìtica y política económica nacional (Registro nro. 5060)

Detalles MARC
000 -LEADER
fixed length control field 00951 a2200217 4500
001 - CONTROL NUMBER
control field 53052
005 - DATE AND TIME OF LATEST TRANSACTION
control field 20260407155804.0
008 - FIXED-LENGTH DATA ELEMENTS--GENERAL INFORMATION
fixed length control field 260407a1981 arg spa d
003 - CONTROL NUMBER IDENTIFIER
control field AR-UNSa-BCEJYS
040 ## - CATALOGING SOURCE
Original cataloging agency AR-UNSa-BCEJYS
Language of cataloging spa
Transcribing agency AR-UNSa-BCEJYS
080 ## - UNIVERSAL DECIMAL CLASSIFICATION NUMBER
Universal Decimal Classification number 330.101
Common auxiliary subdivision Ciencia económica en general. La economía y sus problemas. Objeto y métodos de la economía política
041 ## - LANGUAGE CODE
Language code of text/sound track or separate title spa
100 1# - MAIN ENTRY--PERSONAL NAME
Personal name Frigerio, Rogelio
245 10 - TITLE STATEMENT
Title Economía polìtica y política económica nacional
264 #1 - PRODUCTION, PUBLICATION, DISTRIBUTION, MANUFACTURE, AND COPYRIGHT NOTICE
Place of production, publication, distribution, manufacture Buenos Aires :
Name of producer, publisher, distributor, manufacturer Hachette
Date of production, publication, distribution, manufacture, or copyright notice 1981
300 ## - PHYSICAL DESCRIPTION
Extent 169 p.
Dimensions 20 cm.
505 ## - FORMATTED CONTENTS NOTE
Formatted contents note 1. La ciencia económica - 2. Problemas de macroeconomía - 3. El desarrollo económico - 4. La macroeconomía Argentina -5. Las perspectivas del desarrollo nacional en el mundo contemporáneo.
590 ## - LOCAL NOTE (RLIN)
Local note niveau_biblio:m niveau_hierar:0
856 41 - ELECTRONIC LOCATION AND ACCESS
Uniform Resource Identifier <a href="https://www.biblioeco.unsa.edu.ar/pmb/images/libros/L128427.jpg">https://www.biblioeco.unsa.edu.ar/pmb/images/libros/L128427.jpg</a>
Link text Imagen de portada
Electronic format type image/jpeg
942 ## - ADDED ENTRY ELEMENTS (KOHA)
Koha item type
Existencias
Withdrawn status Lost status Damaged status Not for loan Home library Current library Shelving location Date acquired Total checkouts Full call number Barcode Date last seen Price effective from Koha item type
        Biblioteca Prof. Eusebio Cleto del Rey Biblioteca Prof. Eusebio Cleto del Rey   07/04/2026   330.101 F897 L128427 07/04/2026 07/04/2026 Libro